Świat według Kiepskich - Postacie - Statystyki

Ogólne statystyki
  • Ten quiz został rozwiązany 119 razy
  • Średni wynik to 8 z 12
Statystyki odpowiedzi
Obrazkowy Odpowiedź % Poprawnych
Ferdynand Kiepski
100%
Halina Kiepska
99%
Waldemar Kiepski
97%
Marian Paździoch
93%
Arnold Boczek
89%
Mariola Kiepska
88%
Helena Paździoch
82%
Rozalia Kiepska
71%
Listonosz Edzio
44%
Andrzej Kozłowski
35%
Jolanta Pupcia Kiepska
16%
Maria Malinowska
7%
Nie znaleziono quizów pasujących do podanych kryteriów
Rozkład punktacji
Procent ludzi z każdym wynikiem
Percentyl według liczby udzielonych odpowiedzi
Twoja historia wyników
Nie rozwiązałeś tego quizu